000 00286nam a22001337a 4500
008 171218b xxu||||| |||| 00| 0 eng d
020 _a9780768912388
041 _aeng
080 _a37
100 _a46
101 _aEDU
245 _aSchoolarship Almanac
_cTHOMSON
942 _2udc
_cBK
999 _c39072
_d39072